[Event "4NCL/Div4/LEICS vs. ATH1"]
[Site "Sunningdale ENG"]
[Date "2007.02.11"]
[Round "6.3"]
[White "Jones, Christopher M"]
[Black "Stevenson, James A B"]
[Result "1/2-1/2"]
[WhiteElo "2150"]
[BlackElo "2093"]
[PlyCount "64"]
[EventDate "2007.02.11"]
[EventType "team"]
[EventRounds "11"]
[EventCountry "ENG"]

1. d4 d6 2. Nf3 Nf6 3. g3 g6 4. Bg2 Bg7 5. O-O O-O 6. c4 Nbd7 7. Nc3 e5 8. d5
a5 9. a3 Nc5 10. Be3 Nfd7 11. b4 axb4 12. axb4 Rxa1 13. Qxa1 Na6 14. Qb2 h6 15.
Na4 b6 16. Qd2 Kh7 17. Rc1 Nf6 18. Ne1 Ng4 19. b5 Nb8 20. Nc3 f5 21. Bf3 f4 22.
gxf4 Qh4 23. Bxg4 Qxg4+ 24. Kh1 exf4 25. Bd4 f3 26. Bxg7 Kxg7 27. Nxf3 Rxf3 28.
exf3 Qxf3+ 29. Kg1 Qg4+ 30. Kh1 Qf3+ 31. Kg1 Qg4+ 32. Kh1 Qf3+ 1/2-1/2

[Event "4NCL/Div4/LEICS vs. ATH1"]
[Site "Sunningdale ENG"]
[Date "2007.02.11"]
[Round "6.4"]
[White "Gruettner, Ralf"]
[Black "Edwards, Alan"]
[Result "0-1"]
[WhiteElo "2067"]
[BlackElo "2123"]
[PlyCount "44"]
[EventDate "2007.02.11"]
[EventType "team"]
[EventRounds "11"]
[EventCountry "ENG"]

1. d4 Nf6 2. c4 e6 3. Nc3 Bb4 4. Bg5 h6 5. Bh4 c5 6. d5 Bxc3+ 7. bxc3 d6 8. e3
Qe7 9. Nf3 e5 10. Be2 Bf5 11. Nd2 g5 12. Bg3 Nbd7 13. f3 Bg6 14. h4 O-O-O 15.
Qa4 Kb8 16. O-O-O Nh5 17. Bf2 e4 18. Rde1 Qe5 19. Nxe4 Bxe4 20. fxe4 Ng3 21.
Rh3 Nxe4 22. Bg1 Qxc3+ 0-1

[Event "4NCL/Div4/LEICS vs. ATH1"]
[Site "Sunningdale ENG"]
[Date "2007.02.11"]
[Round "6.5"]
[White "Gibson, Christopher A"]
[Black "Kay, Jonathan"]
[Result "1/2-1/2"]
[WhiteElo "2050"]
[BlackElo "2000"]
[PlyCount "60"]
[EventDate "2007.02.11"]
[EventType "team"]
[EventRounds "11"]
[EventCountry "ENG"]

1. d4 d5 2. c4 c6 3. Nf3 Nf6 4. Nc3 Nbd7 5. Bf4 g6 6. cxd5 Nxd5 7. Nxd5 cxd5 8.
e3 Qa5+ 9. Qd2 Qxd2+ 10. Nxd2 Bg7 11. Bb5 O-O 12. Bxd7 Bxd7 13. Nb1 f6 14. Nc3
e5 15. Bg3 exd4 16. Nxd5 dxe3 17. Nxe3 f5 18. O-O-O Ba4 19. b3 Bc6 20. Nd5 Rae8
21. Rd2 f4 22. Bh4 f3 23. gxf3 Rxf3 24. Rhd1 Kf7 25. Rc2 Re5 26. Ne3 Bh6 27.
Bg3 Bxe3+ 28. fxe3 Rexe3 29. Kb2 a6 30. Rdd2 Rd3 1/2-1/2

[Event "4NCL/Div4/LEICS vs. ATH1"]
[Site "Sunningdale ENG"]
[Date "2007.02.11"]
[Round "6.6"]
[White "Aniecko, Colin"]
[Black "Hewitt, Sean D"]
[Result "0-1"]
[WhiteElo "1800"]
[BlackElo "1945"]
[PlyCount "54"]
[EventDate "2007.02.11"]
[EventType "team"]
[EventRounds "11"]
[EventCountry "ENG"]

1. e4 e5 2. Nc3 Nf6 3. Nf3 Nc6 4. d4 exd4 5. Nxd4 Bb4 6. Nxc6 bxc6 7. Bg5 h6 8.
Bxf6 Qxf6 9. Qd2 d5 10. exd5 cxd5 11. a3 Bxc3 12. bxc3 O-O 13. O-O-O Qd6 14.
Qd4 Qxa3+ 15. Kd2 c5 16. Qf4 d4 17. c4 Be6 18. Bd3 Qc3+ 19. Ke2 Bxc4 20. Qf5
Rfe8+ 21. Kf3 Be6 22. Qh7+ Kf8 23. Qh8+ Ke7 24. Qxg7 c4 25. Qxh6 cxd3 26. Rxd3
Qc6+ 27. Kg3 Rg8+ 0-1

[Event "4NCL/Div4/GLOSG vs. OXF3"]
[Site "Sunningdale ENG"]
[Date "2007.02.11"]
[Round "6.1"]
[White "Bolt, Graham"]
[Black "Terry, Sean"]
[Result "1-0"]
[WhiteElo "2111"]
[BlackElo "2040"]
[PlyCount "147"]
[EventDate "2007.02.11"]
[EventType "team"]
[EventRounds "11"]
[EventCountry "ENG"]

1. e4 Nc6 2. d4 d6 3. Nf3 g6 4. d5 Ne5 5. Nxe5 dxe5 6. c4 Nf6 7. Bd3 Bg7 8. Nc3
O-O 9. O-O c6 10. dxc6 bxc6 11. Be3 Nh5 12. Be2 Qxd1 13. Rfxd1 Nf4 14. Bf1 Ne6
15. Na4 f5 16. exf5 gxf5 17. f3 Nd4 18. Rac1 f4 19. Bf2 Bf5 20. Nc5 Rfd8 21.
Bxd4 exd4 22. Bd3 Bxd3 23. Rxd3 Rab8 24. b3 a5 25. Ne6 Rd6 26. Re1 Bf6 27. Nxf4
Bg5 28. g3 Bxf4 29. gxf4 Kf7 30. Re5 a4 31. bxa4 Rg6+ 32. Rg5 Rb1+ 33. Kf2 Rb2+
34. Kg3 Rxa2 35. Rxg6 Kxg6 36. Rxd4 Rxa4 37. Re4 Kf6 38. Kg4 e6 39. h4 Ra1 40.
Re5 Rg1+ 41. Kh3 Rg7 42. Rg5 Ra7 43. Rc5 Ra6 44. Kg4 Ke7 45. Rh5 Ra4 46. c5 Rc4
47. Rxh7+ Kf6 48. Rh6+ Kf7 49. Rh5 Rc1 50. Re5 Rg1+ 51. Kh3 Rc1 52. f5 exf5 53.
Rxf5+ Ke6 54. Rg5 Kf6 55. Kg4 Rg1+ 56. Kf4 Rh1 57. Rf5+ Ke6 58. Rh5 Re1 59. Kg3
Rg1+ 60. Kf2 Rc1 61. f4 Rc3 62. Re5+ Kf6 63. h5 Rh3 64. Kg2 Rh4 65. Kf3 Rh1 66.
Rg5 Rf1+ 67. Ke3 Ke6 68. Ke4 Re1+ 69. Kd4 Rd1+ 70. Kc4 Rc1+ 71. Kb4 Rf1 72. Ka5
Kd7 73. Rg7+ Kc8 74. h6 1-0

[Event "4NCL/Div4/GLOSG vs. OXF3"]
[Site "Sunningdale ENG"]
[Date "2007.02.11"]
[Round "6.2"]
[White "Levicki, Jeffrey"]
[Black "Hosken, Nigel"]
[Result "0-1"]
[WhiteElo "1950"]
[BlackElo "2002"]
[PlyCount "120"]
[EventDate "2007.02.11"]
[EventType "team"]
[EventRounds "11"]
[EventCountry "ENG"]

1. e4 c5 2. Nf3 Nc6 3. d4 cxd4 4. Nxd4 Nf6 5. Nc3 e5 6. Ndb5 d6 7. Bg5 a6 8.
Na3 Be6 9. Bxf6 gxf6 10. Nd5 Qa5+ 11. c3 Bxd5 12. exd5 Ne7 13. Nc4 Qc7 14. Qa4+
b5 15. Nxd6+ Qxd6 16. Bxb5+ Kd8 17. Rd1 Qb6 18. Be8 Ra7 19. Bxf7 Qb5 20. Qh4
Bg7 21. Qg4 Nf5 22. Bh5 Nd6 23. b3 Qd7 24. Qb4 Bf8 25. Qh4 Rg8 26. g3 Be7 27.
Qb4 Qc7 28. c4 Rb7 29. Qa4 Qb6 30. O-O Rc7 31. Rc1 Ne4 32. b4 Bxb4 33. a3 Bc5
34. Rb1 Qa7 35. Rb2 Bd4 36. Re2 Nc3 37. Qb4 Nxe2+ 38. Bxe2 Bc5 39. Qb2 Rb7 40.
Qd2 Bd4 41. Qh6 Qb6 42. Bf3 Qd6 43. Be4 Rgg7 44. Bf5 Rgc7 45. Be6 Qe7 46. d6
Qxd6 47. Qxf6+ Qe7 48. Qh8+ Qe8 49. Qf6+ Re7 50. Bd5 Rb6 51. Qh4 Qf8 52. Bg2
Qf5 53. Bh3 Qg6 54. Bg2 Rb2 55. Be4 Qg7 56. Bf5 Kc7 57. c5 Rf7 58. Qe4 Qf6 59.
g4 Qc6 60. Qd3 Qxc5 0-1

[Event "4NCL/Div4/GLOSG vs. OXF3"]
[Site "Sunningdale ENG"]
[Date "2007.02.11"]
[Round "6.3"]
[White "Ponter, Ian"]
[Black "Hadi, Justin"]
[Result "1/2-1/2"]
[WhiteElo "2041"]
[BlackElo "1925"]
[PlyCount "109"]
[EventDate "2007.02.11"]
[EventType "team"]
[EventRounds "11"]
[EventCountry "ENG"]

1. e4 c5 2. Nf3 Nc6 3. d4 cxd4 4. Nxd4 Nf6 5. Nc3 e5 6. Ndb5 d6 7. Bg5 a6 8.
Na3 b5 9. Nd5 Be7 10. Bxf6 Bxf6 11. c3 Bg5 12. Nc2 O-O 13. a4 bxa4 14. Rxa4 a5
15. Bc4 Rb8 16. b3 Kh8 17. h4 Bh6 18. g4 Bf4 19. Nce3 Bxe3 20. Nxe3 Ne7 21. Nd5
Nxd5 22. Bxd5 Bd7 23. Ra3 Qc8 24. Qd3 Qc5 25. Ra2 Bxg4 26. Rg1 Be6 27. Qg3 Rg8
28. Bxe6 fxe6 29. c4 Qb4+ 30. Ke2 Qxb3 31. Qxb3 Rxb3 32. Rd1 Rb6 33. Rxa5 Rb2+
34. Rd2 Rxd2+ 35. Kxd2 Rd8 36. Ke3 h5 37. c5 dxc5 38. Rxc5 Re8 39. Rxe5 g6 40.
Ra5 e5 41. f4 exf4+ 42. Kxf4 Kg7 43. Ra7+ Kf6 44. Ra6+ Kg7 45. Ra1 Kf6 46. Ra6+
Kg7 47. Rd6 Re7 48. Rd5 Re8 49. Ke3 Kf6 50. Kd4 Re6 51. Ke3 Ra6 52. Kf4 Rc6 53.
Ra5 Rb6 54. e5+ Ke6 55. Ra4 1/2-1/2

[Event "4NCL/Div4/GLOSG vs. OXF3"]
[Site "Sunningdale ENG"]
[Date "2007.02.11"]
[Round "6.4"]
[White "Smith, Jonathan"]
[Black "Dodwell, Phil"]
[Result "0-1"]
[WhiteElo "1910"]
[BlackElo "2065"]
[PlyCount "52"]
[EventDate "2007.02.11"]
[EventType "team"]
[EventRounds "11"]
[EventCountry "ENG"]

1. e4 e5 2. Nc3 Nf6 3. Bc4 Bc5 4. d3 d6 5. f4 Nc6 6. Nf3 a6 7. Rf1 Bb4 8. f5
Na5 9. Bb3 Nxb3 10. axb3 c6 11. Bd2 Qc7 12. Ne2 Bc5 13. Ng3 h6 14. Qe2 Bd7 15.
Be3 Qb6 16. Bxc5 Qxc5 17. c3 O-O 18. b4 Qb6 19. Qf2 Qc7 20. h3 a5 21. bxa5 Rxa5
22. Rxa5 Qxa5 23. Qe2 Re8 24. Kf2 Qb6+ 25. Ke1 Ra8 26. Qc2 Qe3+ 0-1

[Event "4NCL/Div4/GLOSG vs. OXF3"]
[Site "Sunningdale ENG"]
[Date "2007.02.11"]
[Round "6.5"]
[White "Meade, Philip J"]
[Black "Henbest, Kevin B"]
[Result "1-0"]
[WhiteElo "2050"]
[BlackElo "1800"]
[PlyCount "79"]
[EventDate "2007.02.11"]
[EventType "team"]
[EventRounds "11"]
[EventCountry "ENG"]

1. e4 c5 2. Nf3 d6 3. Bb5+ Bd7 4. Bxd7+ Qxd7 5. O-O Nf6 6. Re1 Nc6 7. c3 e6 8.
d4 cxd4 9. cxd4 Be7 10. Nc3 O-O 11. h3 Rac8 12. Bf4 Rfd8 13. Qa4 a6 14. d5 Na7
15. dxe6 fxe6 16. Qb3 Nh5 17. Be3 Nb5 18. Nd5 Rc6 19. Nb6 Qe8 20. Qxe6+ Kh8 21.
Nd5 Bf8 22. Ng5 Qxe6 23. Nxe6 Re8 24. Nxf8 Rxf8 25. a4 Nc7 26. Rac1 Rxc1 27.
Rxc1 Nxd5 28. exd5 Nf6 29. Rc7 Nxd5 30. Rxb7 Nxe3 31. fxe3 Kg8 32. b4 d5 33.
Rb6 Ra8 34. Kf2 Kf7 35. Ke2 Ke7 36. Kd3 a5 37. b5 Ra7 38. Ra6 Rb7 39. Rxa5 Kd6
40. Kd4 1-0

[Event "4NCL/Div4/GLOSG vs. OXF3"]
[Site "Sunningdale ENG"]
[Date "2007.02.11"]
[Round "6.6"]
[White "Wang, Maria"]
[Black "Taylor, Geoffrey P"]
[Result "0-1"]
[WhiteElo "1705"]
[BlackElo "2077"]
[PlyCount "98"]
[EventDate "2007.02.11"]
[EventType "team"]
[EventRounds "11"]
[EventCountry "ENG"]

1. e4 c5 2. Nf3 Nc6 3. d4 cxd4 4. Nxd4 e6 5. Be3 Nf6 6. Nc3 a6 7. Be2 Bb4 8. f3
d5 9. Nxc6 bxc6 10. e5 Nd7 11. f4 c5 12. a3 Ba5 13. Bd2 Bb7 14. Bf3 O-O 15. O-O
Bb6 16. Kh1 Qe7 17. Qe1 Ba7 18. Qg3 Nb6 19. b3 Kh8 20. Rae1 Rac8 21. Bg4 g6 22.
h4 Rg8 23. Qh3 Rg7 24. h5 gxh5 25. Bxh5 Rcg8 26. Bf3 Rg3 27. Qh5 c4 28. b4 R8g6
29. f5 exf5 30. Qxf5 Qh4+ 31. Kg1 Na4+ 32. Be3 Bxe3+ 33. Rxe3 Nxc3 34. Qxf7 Rg7
35. Qf8+ Rg8 36. Qf6+ Qxf6 37. exf6 Ne4 38. Re2 Nxf6 39. Kh2 Ne4 40. Rfe1 Bc6
41. Rd1 R3g6 42. Bxe4 dxe4 43. Rd4 e3 44. Rxc4 Bb5 45. Rxe3 Rxg2+ 46. Kh3 Bxc4
47. Rc3 Be6+ 48. Kh4 Rh2+ 49. Rh3 Rxh3# 0-1

[Event "4NCL/Div4/CONQ2 vs. WEA2"]
[Site "Sunningdale ENG"]
[Date "2007.02.11"]
[Round "6.1"]
[White "Auckland, Elliott"]
[Black "Bayliss, Lyall C P"]
[Result "0-1"]
[WhiteElo "1850"]
[BlackElo "2000"]
[PlyCount "98"]
[EventDate "2007.02.11"]
[EventType "team"]
[EventRounds "11"]
[EventCountry "ENG"]

1. Nf3 d5 2. g3 Nf6 3. Bg2 g6 4. O-O Bg7 5. d4 O-O 6. c4 c6 7. Nc3 dxc4 8. e4
Nbd7 9. Qe2 Nb6 10. Rd1 Bg4 11. a4 a5 12. Be3 e6 13. h3 Bxf3 14. Bxf3 Qc7 15.
Rab1 Nfd7 16. Bg2 f5 17. d5 exd5 18. exd5 Ne5 19. f4 Nd3 20. Kh2 Rfe8 21. Qf3
c5 22. Nb5 Qd7 23. d6 Rxe3 24. Qxe3 Re8 25. Rxd3 cxd3 26. Qxd3 Kh8 27. Nc7 Rd8
28. b3 Qxd6 29. Qxd6 Rxd6 30. Re1 Kg8 31. Re6 Rxe6 32. Nxe6 c4 33. bxc4 Nxa4
34. Bxb7 Bf8 35. Bc6 Nc5 36. Nxc5 Bxc5 37. g4 fxg4 38. hxg4 Bd6 39. Kg3 g5 40.
Kf3 gxf4 41. c5 Bc7 42. g5 Kg7 43. Ba4 Kg6 44. Kg4 h6 45. gxh6 Kxh6 46. Kf5 f3
47. Kg4 f2 48. Bb5 a4 49. Kf3 a3 0-1

[Event "4NCL/Div4/CONQ2 vs. WEA2"]
[Site "Sunningdale ENG"]
[Date "2007.02.11"]
[Round "6.2"]
[White "Lunn, Matt"]
[Black "Adair, James"]
[Result "0-1"]
[WhiteElo "1865"]
[BlackElo "1830"]
[PlyCount "58"]
[EventDate "2007.02.11"]
[EventType "team"]
[EventRounds "11"]
[EventCountry "ENG"]

1. d4 Nf6 2. c4 e6 3. Nc3 Bb4 4. e3 b6 5. Qc2 Bb7 6. f3 d5 7. Bd2 O-O 8. Nh3
Nbd7 9. a3 Be7 10. Bd3 Rc8 11. Ne2 c5 12. Qb3 a6 13. a4 Qc7 14. Rc1 Bd6 15. f4
dxc4 16. Bxc4 Bxg2 17. Rg1 Bxh3 18. e4 Nxe4 19. Qxh3 Nxd2 20. Qg3 g6 21. Kxd2
Nf6 22. Kd3 Nh5 23. Qh4 Nxf4+ 24. Nxf4 Bxf4 25. Rc2 Rcd8 26. Rg4 Rxd4+ 27. Kc3
b5 28. axb5 axb5 29. Bxe6 Qa5+ 0-1

[Event "4NCL/Div4/CONQ2 vs. WEA2"]
[Site "Sunningdale ENG"]
[Date "2007.02.11"]
[Round "6.3"]
[White "McFaul, Thomas"]
[Black "Jones, Victor"]
[Result "0-1"]
[WhiteElo "1775"]
[BlackElo "1830"]
[PlyCount "66"]
[EventDate "2007.02.11"]
[EventType "team"]
[EventRounds "11"]
[EventCountry "ENG"]

1. e4 e6 2. d4 d5 3. exd5 exd5 4. c4 Nf6 5. Nc3 Be7 6. Bd3 dxc4 7. Bxc4 O-O 8.
Nge2 a6 9. O-O b5 10. Bb3 b4 11. Na4 Bb7 12. Nc5 Bxc5 13. dxc5 Nbd7 14. Qd4 Qe7
15. Be3 Ne5 16. Ng3 Nfg4 17. Nf5 Qf6 18. Bc2 g6 19. f4 Nc6 20. Qxf6 Nxf6 21.
Ng3 Nd5 22. Bd2 Nd4 23. Be4 b3 24. Rfd1 Ne6 25. axb3 f5 26. Bf3 Rfd8 27. b4 c6
28. Ne2 a5 29. Bxd5 Rxd5 30. bxa5 Rad8 31. a6 Ba8 32. Ra3 Nxc5 33. Re3 Ne4 0-1

[Event "4NCL/Div4/CONQ2 vs. WEA2"]
[Site "Sunningdale ENG"]
[Date "2007.02.11"]
[Round "6.4"]
[White "Galliano, Alex"]
[Black "O'Neill, Tom C"]
[Result "1-0"]
[WhiteElo "1885"]
[BlackElo "1690"]
[PlyCount "73"]
[EventDate "2007.02.11"]
[EventType "team"]
[EventRounds "11"]
[EventCountry "ENG"]

1. e4 c5 2. c3 Nf6 3. e5 Nd5 4. d4 e6 5. Nf3 Be7 6. Bd3 a6 7. O-O b5 8. a4 Bb7
9. axb5 axb5 10. Rxa8 Bxa8 11. Bxb5 Qa5 12. Qa4 Qxa4 13. Bxa4 Nb6 14. Bc2 Bxf3
15. gxf3 cxd4 16. cxd4 Nc6 17. Be3 Nc4 18. b3 N4a5 19. Nd2 f5 20. f4 Nb4 21.
Rc1 O-O 22. Nc4 Nxc4 23. bxc4 Ra8 24. Bb3 Ra3 25. Rb1 h6 26. c5 g5 27. Bxe6+
dxe6 28. Rxb4 gxf4 29. Bxf4 Bg5 30. Bxg5 hxg5 31. Rc4 f4 32. Kg2 Kg7 33. c6 Kg6
34. c7 Kh5 35. c8=Q Kh4 36. Qh8+ Kg4 37. h3+ 1-0

[Event "4NCL/Div4/CONQ2 vs. WEA2"]
[Site "Sunningdale ENG"]
[Date "2007.02.11"]
[Round "6.5"]
[White "Archer-Lock, Adrian"]
[Black "Jones, William"]
[Result "1/2-1/2"]
[WhiteElo "1760"]
[BlackElo "1865"]
[PlyCount "75"]
[EventDate "2007.02.11"]
[EventType "team"]
[EventRounds "11"]
[EventCountry "ENG"]

1. d4 Nf6 2. c4 g6 3. Nc3 Bg7 4. Bf4 d6 5. e3 O-O 6. h3 c6 7. Nf3 Nbd7 8. Be2
Re8 9. O-O a6 10. b4 e5 11. dxe5 dxe5 12. Nxe5 Qb6 13. Nxd7 Nxd7 14. Qb3 a5 15.
Bd6 c5 16. Rad1 Bxc3 17. Qxc3 axb4 18. Qb2 Re6 19. Bf4 Qa6 20. Bh6 f6 21. Bg4
Re7 22. Bxd7 Bxd7 23. Rd2 Kf7 24. Rfd1 Be6 25. Rd8 Re8 26. Rxe8 Rxe8 27. Bf4
Qxc4 28. a3 bxa3 29. Qxa3 Qb3 30. Rd7+ Kg8 31. Qxb3 Bxb3 32. Rxb7 c4 33. Rc7
Ra8 34. Bh6 Ra1+ 35. Kh2 Ra8 36. Rg7+ Kh8 37. Re7 Kg8 38. Rg7+ 1/2-1/2

[Event "4NCL/Div4/CONQ2 vs. WEA2"]
[Site "Sunningdale ENG"]
[Date "2007.02.11"]
[Round "6.6"]
[White "Maguire, Robert"]
[Black "Foster, Caroline"]
[Result "1-0"]
[WhiteElo "1795"]
[BlackElo "1490"]
[PlyCount "95"]
[EventDate "2007.02.11"]
[EventType "team"]
[EventRounds "11"]
[EventCountry "ENG"]

1. e4 e6 2. d4 d5 3. e5 f6 4. Nf3 Nc6 5. Nc3 fxe5 6. Nxe5 Nxe5 7. dxe5 Bb4 8.
Bd2 Bxc3 9. Bxc3 Qh4 10. Qf3 Ne7 11. g3 Qe4+ 12. Qxe4 dxe4 13. Bg2 e3 14. f4
O-O 15. Bb4 Kf7 16. Bxe7 Kxe7 17. O-O-O Rb8 18. Rhe1 b6 19. Rxe3 Ba6 20. Bc6
Rbd8 21. Ra3 Rxd1+ 22. Kxd1 Rd8+ 23. Ke1 Bc4 24. Rxa7 Bd5 25. Rxc7+ Kf8 26.
Bxd5 Rxd5 27. Rc6 Rc5 28. Rxc5 bxc5 29. Kd2 Ke7 30. Kc3 Kd7 31. Kc4 Kc6 32. a4
Kb6 33. a5+ Kxa5 34. Kxc5 Ka6 35. Kd6 Kb5 36. Kxe6 Kc4 37. Kd7 Kd4 38. e6 Ke3
39. e7 Kd2 40. e8=Q Kxc2 41. Qe3 Kxb2 42. Kc6 Kc2 43. Kb5 g5 44. f5 g4 45. Kc4
h5 46. Qc3+ Kb1 47. Qd2 Ka1 48. Kb3 1-0

[Event "4NCL/Div4/LMAO2 vs. BCA"]
[Site "Sunningdale ENG"]
[Date "2007.02.11"]
[Round "6.1"]
[White "Iyengar, Ilya"]
[Black "Mordue, A Tyson"]
[Result "0-1"]
[WhiteElo "1815"]
[BlackElo "2297"]
[PlyCount "68"]
[EventDate "2007.02.11"]
[EventType "team"]
[EventRounds "11"]
[EventCountry "ENG"]

1. d4 Nf6 2. Bg5 c5 3. Bxf6 gxf6 4. dxc5 Qa5+ 5. Nc3 Qxc5 6. e3 e6 7. Nf3 Nc6
8. Bd3 b6 9. Qd2 Bb7 10. Ne4 Qe7 11. Ng3 O-O-O 12. c3 f5 13. b4 Bg7 14. Rb1 h5
15. a4 h4 16. Ne2 h3 17. g3 Ne5 18. Nxe5 Bxh1 19. Nc4 d5 20. Na3 Be4 21. Ba6+
Kb8 22. Rb3 e5 23. a5 Rh6 24. Qb2 d4 25. cxd4 exd4 26. exd4 Bxd4 27. Nxd4 Bd3+
28. Ne2 Bxa6 29. b5 Bb7 30. Re3 Re6 31. Nc4 Rxe3 32. Nxe3 Qe4 33. Qb3 Qh1+ 34.
Nf1 Bg2 0-1

[Event "4NCL/Div4/LMAO2 vs. BCA"]
[Site "Sunningdale ENG"]
[Date "2007.02.11"]
[Round "6.2"]
[White "Ross, Chris"]
[Black "Wetherfield, Ben"]
[Result "1-0"]
[WhiteElo "2135"]
[BlackElo "1840"]
[PlyCount "72"]
[EventDate "2007.02.11"]
[EventType "team"]
[EventRounds "11"]
[EventCountry "ENG"]

1. e4 e5 2. Nf3 Nc6 3. Bb5 a6 4. Ba4 Nf6 5. O-O Be7 6. Re1 b5 7. Bb3 O-O 8. h3
d6 9. c3 Na5 10. Bc2 c5 11. d4 Qc7 12. Nbd2 cxd4 13. cxd4 Re8 14. d5 Bf8 15. b4
Nb7 16. Rb1 Bd7 17. Nf1 Rec8 18. Bd3 a5 19. a3 axb4 20. axb4 Ra2 21. Bg5 Qb6
22. Re2 Rxe2 23. Qxe2 Ne8 24. Ra1 Nc7 25. Be3 Nc5 26. bxc5 dxc5 27. Nxe5 Qf6
28. Nxd7 Qxa1 29. Nxf8 c4 30. Nd7 cxd3 31. Qxd3 Rd8 32. Bd4 Qa4 33. Nf6+ Kh8
34. Nh5 Ne6 35. Bb6 Rd6 36. Qg3 Rxb6 1-0

[Event "4NCL/Div4/LMAO2 vs. BCA"]
[Site "Sunningdale ENG"]
[Date "2007.02.11"]
[Round "6.3"]
[White "Rigby-Zeglache, Elyes"]
[Black "Burnell, Steve"]
[Result "1/2-1/2"]
[WhiteElo "1705"]
[BlackElo "1950"]
[PlyCount "64"]
[EventDate "2007.02.11"]
[EventType "team"]
[EventRounds "11"]
[EventCountry "ENG"]

1. e4 c6 2. d4 d5 3. Nc3 dxe4 4. Nxe4 Bf5 5. Ng3 Bg6 6. c3 Nf6 7. Nf3 Nbd7 8.
Bd3 Qc7 9. Bg5 e6 10. Qc2 Bxd3 11. Qxd3 Bd6 12. Ne4 Nxe4 13. Qxe4 h6 14. Bh4 g5
15. Bg3 O-O-O 16. O-O-O Nf6 17. Bxd6 Qxd6 18. Qe5 Nd5 19. Qxd6 Rxd6 20. Ne5 Rh7
21. g3 f6 22. Nd3 Kc7 23. Rhf1 Rd8 24. Rde1 Re8 25. f4 gxf4 26. Nxf4 Nxf4 27.
Rxf4 Rf7 28. Rh4 Rh7 29. Rf4 Rf7 30. Rh4 Rh7 31. Rf4 Rf7 32. Rh4 Rh7 1/2-1/2

[Event "4NCL/Div4/LMAO2 vs. BCA"]
[Site "Sunningdale ENG"]
[Date "2007.02.11"]
[Round "6.4"]
[White "Murphy, Richard L"]
[Black "Shaw, Dashiell"]
[Result "0-1"]
[WhiteElo "1745"]
[BlackElo "1750"]
[PlyCount "32"]
[EventDate "2007.02.11"]
[EventType "team"]
[EventRounds "11"]
[EventCountry "ENG"]

1. e4 e6 2. d4 d5 3. Nc3 Nf6 4. Bg5 Bb4 5. e5 h6 6. exf6 hxg5 7. fxg7 Rg8 8.
Bd3 Qf6 9. Qg4 c5 10. Nf3 Nc6 11. O-O-O cxd4 12. Nxd4 Qxd4 13. Qxd4 Nxd4 14.
Bh7 Rxg7 15. Rxd4 Bxc3 16. bxc3 Rxh7 0-1

[Event "4NCL/Div4/LMAO2 vs. BCA"]
[Site "Sunningdale ENG"]
[Date "2007.02.11"]
[Round "6.5"]
[White "Poobalasingam, Iyampillai"]
[Black "Irving, Alastair"]
[Result "1-0"]
[WhiteElo "1540"]
[BlackElo "1590"]
[PlyCount "101"]
[EventDate "2007.02.11"]
[EventType "team"]
[EventRounds "11"]
[EventCountry "ENG"]

1. c4 Nf6 2. Nc3 g6 3. g3 Bg7 4. Bg2 O-O 5. Nf3 d6 6. O-O c5 7. d3 Nc6 8. Be3
a6 9. d4 cxd4 10. Nxd4 Bd7 11. Qd2 Ng4 12. Rad1 Qc7 13. Nxc6 Bxc6 14. f3 Nxe3
15. Qxe3 Rfe8 16. b3 Qa5 17. Rd3 b5 18. Nd5 bxc4 19. bxc4 Bxd5 20. Rxd5 Qxa2
21. Qd3 Rab8 22. Rd1 Rb2 23. Bf1 a5 24. c5 Rb3 25. Qc4 Rb2 26. Qxa2 Rxa2 27.
cxd6 exd6 28. Rxd6 a4 29. Ra6 a3 30. e4 Bb2 31. Bc4 Ra1 32. Rxa1 Bxa1 33. Rxa3
Bd4+ 34. Kg2 Rb8 35. Rd3 Rb2+ 36. Kh3 Bg1 37. Rd7 Rxh2+ 38. Kg4 h5+ 39. Kf4 Kg7
40. Rxf7+ Kh6 41. e5 g5+ 42. Ke4 Rg2 43. e6 Bc5 44. e7 Bxe7 45. Rxe7 Rxg3 46.
Re6+ Kg7 47. Bd5 h4 48. Kf5 h3 49. Rg6+ Kh7 50. Rxg5 h2 51. Rh5+ 1-0

[Event "4NCL/Div4/ADD vs. AMCAH"]
[Site "Sunningdale ENG"]
[Date "2007.02.11"]
[Round "6.1"]
[White "Fenwick, Hugh"]
[Black "Tart, Peter K"]
[Result "1-0"]
[WhiteElo "2035"]
[BlackElo "1965"]
[PlyCount "143"]
[EventDate "2007.02.11"]
[EventType "team"]
[EventRounds "11"]
[EventCountry "ENG"]

1. c4 b6 2. Nc3 Bb7 3. Nf3 e6 4. g3 Bxf3 5. exf3 c5 6. Bg2 Nc6 7. f4 Rc8 8. b3
Nf6 9. Bb2 Be7 10. O-O O-O 11. g4 Qc7 12. g5 Ne8 13. Qg4 Nd4 14. Rae1 Bd6 15.
Ne2 Nxe2+ 16. Rxe2 Bxf4 17. h4 f6 18. Bh3 fxg5 19. hxg5 Rf5 20. Kh1 Rxg5 21.
Qf3 Qc6 22. Re4 Be5 23. Bc1 Nf6 24. Re3 Bd4 25. Qxc6 Rxc6 26. Rf3 d5 27. d3 Rg6
28. Re1 dxc4 29. Rxe6 Rxe6 30. Bxe6+ Kf8 31. dxc4 Ke7 32. Bf5 Rg4 33. Bxg4 Nxg4
34. Kg2 h6 35. Rf4 Ne5 36. Re4 Kf6 37. Rf4+ Ke6 38. Rf8 a5 39. Rd8 Ke7 40. Rd5
Ke6 41. Bf4 Nd3 42. Be3 Nb4 43. Bxd4 cxd4 44. Rxd4 Nxa2 45. Rd8 a4 46. bxa4 Nc3
47. Rg8 Nxa4 48. Rxg7 Kf6 49. Ra7 Nb2 50. Rc7 Na4 51. Kg3 Kg5 52. f4+ Kf5 53.
Rf7+ Kg6 54. Rd7 Kf5 55. Rd5+ Kf6 56. Kg4 Nb2 57. Rd6+ Kg7 58. Rc6 Nd1 59. Kh5
Ne3 60. Rxb6 Nxc4 61. Rxh6 Ne3 62. Kg5 Nc4 63. Rc6 Ne3 64. Rc7+ Kf8 65. f5 Nd5
66. Rd7 Ne7 67. f6 Nc6 68. Rc7 Nd4 69. Ra7 Ne6+ 70. Kg6 Nf4+ 71. Kf5 Nd5 72.
Ke5 1-0

[Event "4NCL/Div4/ADD vs. AMCAH"]
[Site "Sunningdale ENG"]
[Date "2007.02.11"]
[Round "6.2"]
[White "Tunstall, George"]
[Black "Dupré, Paul D"]
[Result "0-1"]
[WhiteElo "1810"]
[BlackElo "2033"]
[PlyCount "70"]
[EventDate "2007.02.11"]
[EventType "team"]
[EventRounds "11"]
[EventCountry "ENG"]

1. d4 Nf6 2. c4 c5 3. d5 b5 4. cxb5 a6 5. bxa6 Bxa6 6. Nc3 g6 7. e4 d6 8. Bxa6
Nxa6 9. Nge2 Bg7 10. O-O O-O 11. h3 Nb4 12. a3 Qc7 13. Be3 Na6 14. Qc2 Rfb8 15.
Rab1 Nd7 16. f4 c4 17. Nd4 Rb7 18. g4 Nf8 19. h4 Nc5 20. h5 Nd3 21. g5 e5 22.
Nc6 exf4 23. Bxf4 Qb6+ 24. Kg2 Nxf4+ 25. Rxf4 Qe3 26. Rbf1 gxh5 27. Nd1 Qd3 28.
Qf2 Ng6 29. Rxf7 Qxe4+ 30. Kg1 Qg4+ 31. Kh2 Rxf7 32. Qxf7+ Kh8 33. Qf5 Qh4+ 34.
Kg2 Rf8 35. Qc2 Qg4+ 0-1

[Event "4NCL/Div4/ADD vs. AMCAH"]
[Site "Sunningdale ENG"]
[Date "2007.02.11"]
[Round "6.3"]
[White "Albrecht, Theo"]
[Black "Bunn, Matthew"]
[Result "1-0"]
[WhiteElo "2025"]
[BlackElo "1805"]
[PlyCount "81"]
[EventDate "2007.02.11"]
[EventType "team"]
[EventRounds "11"]
[EventCountry "ENG"]

1. e4 c5 2. d3 g6 3. f4 d6 4. Nf3 Bg7 5. c3 f5 6. Be2 Nc6 7. O-O Nf6 8. e5 Nd5
9. d4 Qb6 10. Bc4 e6 11. Bxd5 exd5 12. Re1 O-O 13. Kh1 Be6 14. Na3 Rfe8 15. Nc2
Ne7 16. Qe2 dxe5 17. Nxe5 Nc6 18. dxc5 Qxc5 19. Be3 Qd6 20. Nxc6 bxc6 21. Qf2
Rab8 22. Rab1 d4 23. Nxd4 Bxa2 24. Ra1 Bxd4 25. Bxd4 Rxe1+ 26. Rxe1 Rd8 27. b4
Bc4 28. Qh4 a6 29. Re7 h5 30. Qg5 Kf8 31. Rh7 Rd7 32. Rh8+ Kf7 33. Rh7+ Kg8 34.
Rh8+ Kf7 35. Rh7+ Kg8 36. Rxd7 Qxd7 37. Qxg6+ Kf8 38. Qf6+ Bf7 39. Qh8+ Ke7 40.
Qf6+ Ke8 41. Qh8+ 1-0